000
00325 a2200133 4500
000
nam a22 7a 4500
100
_a
Robert Slavin
110
_a
Robert Slavin
245
_a
Educational Psychology: theory into practice
250
_a
latest edition
260
_b
Pearson
_c
2026
264
_b
Pearson
_c
2026
942
_c
BK
999
_c
394809
_d
394809